Prognóza vývoja obyvateľstva v Slovenskej republike do roku 2025

Na minha lista:
Detalhes bibliográficos
Formato: Livro
Idioma:eslovaco
Publicado em: Bratislava Štatistický úrad Slovenskej republiky 2002
Colecção:Demografia a sociálna štatistika
Assuntos:
Tags: Adicionar Tag
Sem tags, seja o primeiro a adicionar uma tag!

MARC

LEADER 00000nam a2200000 4500
001 c139625
005 20251209072656.2
041 0 |a slo 
044 |a SK 
245 1 0 |a Prognóza vývoja obyvateľstva v Slovenskej republike do roku 2025 
264 1 |a Bratislava  |b Štatistický úrad Slovenskej republiky  |c 2002 
300 |a nestr. 
490 1 |a Demografia a sociálna štatistika 
830 0 |a Demografia a sociálna štatistika 
610 2 0 |a Slovensko 
610 2 0 |a obyvateľstvo 
610 2 0 |a populácia 
610 2 0 |a prognózy demografické